| 000 | 00431nam a2200193Ia 4500 | ||
|---|---|---|---|
| 008 | 210210b1923 xxu||||| |||| 00| 0 eng d | ||
| 041 | _aeng | ||
| 082 | _a883/15 | ||
| 100 | _aBHASA | ||
| 245 | _aSvapna vasvadatta by bhAgavatam | ||
| 260 |
_aPoona _b- _c1923 |
||
| 650 | _avasvadatta | ||
| 650 | _aSvapna | ||
| 650 | _aby | ||
| 650 | _abhAgavatam | ||
| 650 | _abgAgavatam | ||
| 690 | _aSanskrit Drama | ||
| 906 | _a024345 | ||
| 999 |
_c149832 _d149832 |
||